Srovnání daní důchodového typu - evropské země. 1.

Porovnanie dôchodkových daní vo vybraných európskych krajinách: Nemecko, Veľká Británia, Rakúsko a Taliansko. Daňové reformy týchto krajín sú ovplyvnené harmonizáciou daní s členskými krajinami Európskeho spoločenstva. Hlavné ciele daňových reforiem.

Gespeichert in:
Bibliographische Detailangaben
1. Verfasser: Mervart, J.
Weitere Verfasser: Vavrejnová, Marie
Format: Buchkapitel
Sprache:Tschechisch
Schlagworte:
Tags: Tag hinzufügen
Keine Tags, Fügen Sie das erste Tag hinzu!

MARC

LEADER 00000naa a2200000 4500
001 r011952
005 20220913122213.0
041 0 |a cze 
044 |a CZ 
245 1 0 |a Srovnání daní důchodového typu - evropské země. 1.  |c J. Mervart, Marie Vavrejnová 
520 |a Porovnanie dôchodkových daní vo vybraných európskych krajinách: Nemecko, Veľká Británia, Rakúsko a Taliansko. Daňové reformy týchto krajín sú ovplyvnené harmonizáciou daní s členskými krajinami Európskeho spoločenstva. Hlavné ciele daňových reforiem. 
610 2 0 |a dane z príjmov 
610 2 0 |a Nemecko 
610 2 0 |a Veľká Británia 
610 2 0 |a Rakúsko 
610 2 0 |a Taliansko 
610 2 0 |a reformy daňové 
100 1 |a Mervart, J. 
700 1 |a Vavrejnová, Marie